| 000 | 00516nam a2200181Ia 4500 | ||
|---|---|---|---|
| 003 | GCL | ||
| 008 | 140319s9999 xx 000 0 eng d | ||
| 040 |
_aGCL / _cGCL |
||
| 082 | 0 | 4 |
_aP _b304.82 _bR I |
| 100 | 1 | _aRUSSELL, SHARON S. | |
| 245 | 1 | 0 |
_aINTERNATIONAL MIGRATION AND INTERNATIONAL TRADE / _cRUSSELL, SHARON S. |
| 700 | 1 | _aTEIELELLAUM, MICHAEL S | |
| 260 |
_a[S.N] : _bTHE WORLD BANK ، _c1992 |
||
| 300 | _a84 P | ||
| 650 | 0 | 4 | _aECONOMIC ASPECTS |
| 650 | 0 | 4 | _aEMIGRATION AND IMIGRATION |
| 942 |
_2ddc _cCR |
||
| 999 |
_c25892 _d25892 |
||